[Event "26th EUR-ch"]
[Site "Katowice POL"]
[Date "2026.04.10"]
[Round "4.91"]
[White "Ghimpu, Samuel-Timotei"]
[Black "Ribeiro, Gustavo"]
[Result "1/2-1/2"]
[WhiteElo "2443"]
[BlackElo "2280"]
[EventDate "2026.04.07"]
[PlyCount "136"]

1.Nf3 Nf6 2.d4 e6 3.e3 d5 4.Bd3 Bd6 5.O-O Nbd7 6.c4 dxc4 7.Bxc4 O-O 8.Nc3 
a6 9.a4 c5 10.Qe2 cxd4 11.exd4 Qc7 12.Bg5 h6 13.Bh4 Nb6 14.Ba2 Nbd5 15.
Rac1 Qb6 16.Rfd1 Nf4 17.Qd2 Ng6 18.Bg3 Rd8 19.Bb1 Bxg3 20.hxg3 Ne7 21.Ne4 
Nxe4 22.Bxe4 Bd7 23.a5 Qd6 24.Bxb7 Rab8 25.Be4 Ba4 26.Re1 Bc6 27.Ne5 Bxe4 
28.Rxe4 Rb5 29.Qf4 f5 30.Re2 Qxd4 31.Nf3 Qxf4 32.gxf4 Rd6 33.Rce1 Rxa5 34.
Rxe6 Rxe6 35.Rxe6 Ra1+ 36.Kh2 Nd5 37.g3 Ra2 38.Re8+ Kh7 39.Rb8 Nc3 40.Ne5 
Nb5 41.Nd3 Ra1 42.Kg2 Nd6 43.Kf3 Ne4 44.Ke3 Ra4 45.Rb4 Ra1 46.Rb3 h5 47.
Rb6 Ra4 48.Rb3 Nd6 49.Rb8 Re4+ 50.Kd2 Rd4 51.f3 Ra4 52.Nc5 Rd4+ 53.Ke2 Rc4
54.Ne6 Nf7 55.Rb7 Kg8 56.b4 Rc2+ 57.Kf1 Rc1+ 58.Kg2 Rc6 59.Nd4 Rf6 60.Kf2 
Nd6 61.Rb8+ Kf7 62.Ke2 Nc4 63.Kd3 Nb2+ 64.Kc3 Nd1+ 65.Kd3 Nf2+ 66.Ke3 Nh1 
67.Ne2 Re6+ 68.Kd2 Rd6+ 1/2-1/2

[Event "26th EUR-ch"]
[Site "Katowice POL"]
[Date "2026.04.10"]
[Round "4.92"]
[White "Velikic, Adela"]
[Black "Jakubowski, Krzysztof"]
[Result "1-0"]
[WhiteElo "2278"]
[BlackElo "2434"]
[EventDate "2026.04.07"]
[PlyCount "83"]

1.c4 e5 2.Nc3 Bb4 3.Nd5 a5 4.a3 Bc5 5.e3 c6 6.d4 Ba7 7.Nc3 d6 8.Nf3 Nd7 9.
b4 Bb8 10.Bb2 f5 11.dxe5 dxe5 12.c5 Nh6 13.e4 axb4 14.axb4 Rxa1 15.Qxa1 
O-O 16.Bc4+ Kh8 17.O-O b6 18.Rd1 bxc5 19.bxc5 Qf6 20.exf5 Qxf5 21.Bd3 Qg4 
22.h3 Qh5 23.Ne4 Nf5 24.Re1 Nh4 25.Nxh4 Qxh4 26.Qa8 Nxc5 27.g3 Qh6 28.Nxc5
Qd2 29.Re2 Qd1+ 30.Kh2 Bxh3 31.Qxc6 Bg4 32.Qe4 Bf5 33.Qh1 Qxh1+ 34.Kxh1 
Bg4 35.Rc2 Bd1 36.Rd2 Bf3+ 37.Kg1 Ba7 38.Ne6 Rb8 39.Ng5 Bh5 40.Bxe5 Re8 
41.Bb5 Rc8 42.Rd7 1-0

[Event "26th EUR-ch"]
[Site "Katowice POL"]
[Date "2026.04.10"]
[Round "4.93"]
[White "Prokofiev, Valentyn"]
[Black "Szakmary, Domonkos"]
[Result "1-0"]
[WhiteElo "2433"]
[BlackElo "2278"]
[EventDate "2026.04.07"]
[PlyCount "63"]

1.d4 d5 2.c4 c6 3.cxd5 cxd5 4.Bf4 Nf6 5.e3 Nc6 6.Bd3 e6 7.Nc3 Bb4 8.a3 
Bxc3+ 9.bxc3 Qa5 10.Ne2 O-O 11.O-O Re8 12.f3 e5 13.Bg5 e4 14.Bc2 exf3 15.
gxf3 Nd7 16.Qd3 Nf8 17.Rf2 Ne7 18.Qd2 Neg6 19.e4 Bd7 20.e5 Bb5 21.Ng3 Rac8
22.Nf5 Ne6 23.Nd6 Nxg5 24.Qxg5 Qxc3 25.Rd1 Nxe5 26.dxe5 Rxe5 27.Qh4 Re1+ 
28.Kg2 Bf1+ 29.Kg3 Qe5+ 30.Qf4 Qh5 31.Qf5 Qxf5 32.Nxf5 1-0

[Event "26th EUR-ch"]
[Site "Katowice POL"]
[Date "2026.04.10"]
[Round "4.94"]
[White "Manafov, Vugar"]
[Black "Antolak, Julia"]
[Result "1/2-1/2"]
[WhiteElo "2432"]
[BlackElo "2223"]
[EventDate "2026.04.07"]
[PlyCount "33"]

1.e4 c5 2.c3 d5 3.exd5 Qxd5 4.d4 Nf6 5.Nf3 Bg4 6.Be2 e6 7.Be3 cxd4 8.cxd4 
Nc6 9.Nc3 Qa5 10.Qb3 Qb4 11.Ne5 Bxe2 12.Nxc6 bxc6 13.Qxb4 Bxb4 14.Kxe2 Kd7
15.Na4 Nd5 16.Rhc1 Rab8 17.Rc4 1/2-1/2

[Event "26th EUR-ch"]
[Site "Katowice POL"]
[Date "2026.04.10"]
[Round "4.95"]
[White "Kalogeris, Ioannis"]
[Black "Kochavi, Dana"]
[Result "1-0"]
[WhiteElo "2427"]
[BlackElo "2196"]
[EventDate "2026.04.07"]
[PlyCount "71"]

1.d4 Nf6 2.c4 e6 3.Nc3 Bb4 4.g3 c5 5.Nf3 Nc6 6.d5 Na5 7.Nd2 Bxc3 8.bxc3 
exd5 9.cxd5 Nxd5 10.Ne4 Nf6 11.Nd6+ Kf8 12.Bg2 Nc6 13.O-O h6 14.e4 Rb8 15.
Bf4 g5 16.Qb3 Rh7 17.Be3 b6 18.f4 g4 19.e5 Ne8 20.Rad1 Ba6 21.Rf2 Na5 22.
Qb1 Rg7 23.f5 f6 24.Bxh6 Qe7 25.Nxe8 Rxe8 26.exf6 Qxf6 27.Bxg7+ Kxg7 28.
Rxd7+ Kf8 29.Bd5 Nc4 30.Rf7+ Qxf7 31.Bxf7 Kxf7 32.f6 Ne5 33.Qh7+ Ke6 34.f7
Rf8 35.Qh6+ Ke7 36.Qf6+ 1-0

[Event "26th EUR-ch"]
[Site "Katowice POL"]
[Date "2026.04.10"]
[Round "4.96"]
[White "Johansson, Linus"]
[Black "Witczak, Borys"]
[Result "1-0"]
[WhiteElo "2425"]
[BlackElo "2160"]
[EventDate "2026.04.07"]
[PlyCount "83"]

1.c4 e6 2.Nc3 Bb4 3.Qb3 c5 4.a3 Bxc3 5.Qxc3 Nf6 6.Nf3 b6 7.g3 Bb7 8.Bg2 
O-O 9.O-O d5 10.d3 Nbd7 11.b4 Qe7 12.h3 Rac8 13.b5 e5 14.cxd5 Bxd5 15.e4 
Bb7 16.Nd2 Ne8 17.a4 Nd6 18.Bb2 Rfd8 19.f4 f6 20.Nc4 exf4 21.gxf4 Nxc4 22.
Qxc4+ Qf7 23.a5 Qxc4 24.dxc4 a6 25.Rfd1 axb5 26.a6 Bc6 27.cxb5 Ba8 28.Rd6 
Nf8 29.Rad1 Re8 30.e5 Bxg2 31.Kxg2 fxe5 32.Bxe5 c4 33.Rxb6 c3 34.Rc6 Rxc6 
35.bxc6 Ra8 36.Bxc3 Ne6 37.Be5 Rxa6 38.c7 Ra8 39.Rb1 Kf7 40.Rb8 Ra2+ 41.
Kg3 Ra3+ 42.Kg4 1-0

[Event "26th EUR-ch"]
[Site "Katowice POL"]
[Date "2026.04.10"]
[Round "4.97"]
[White "Sowinski, Pawel"]
[Black "Balinski, Damian"]
[Result "1-0"]
[WhiteElo "2421"]
[BlackElo "2154"]
[EventDate "2026.04.07"]
[PlyCount "79"]

1.d4 c5 2.d5 e5 3.Nc3 d6 4.e4 a6 5.a4 Be7 6.g3 Bg5 7.Bxg5 Qxg5 8.a5 Qd8 9.
Be2 Ne7 10.Nf3 O-O 11.Nd2 Nd7 12.Nc4 Qc7 13.O-O b5 14.axb6 Nxb6 15.Ne3 Bh3
16.Re1 a5 17.Bg4 Bxg4 18.Qxg4 c4 19.Ra2 Rfb8 20.Rea1 Qc5 21.h4 Qb4 22.h5 
h6 23.Na4 f5 24.Qh4 f4 25.Nxb6 fxe3 26.Nxa8 e2 27.c3 Qb3 28.Re1 Qxa2 29.
Rxe2 Nxd5 30.exd5 Rxa8 31.Qg4 Qb1+ 32.Kg2 Qd3 33.Qe6+ Kh8 34.Re3 Qc2 35.
Qxd6 Qxb2 36.Rxe5 a4 37.Qc6 Rf8 38.Rf5 Qa3 39.Rxf8+ Qxf8 40.Qxa4 1-0

[Event "26th EUR-ch"]
[Site "Katowice POL"]
[Date "2026.04.10"]
[Round "4.98"]
[White "Narva, Mai"]
[Black "Yekeler, Kerem Sarp"]
[Result "1/2-1/2"]
[WhiteElo "2411"]
[BlackElo "2116"]
[EventDate "2026.04.07"]
[PlyCount "90"]

1.e4 c5 2.Nf3 Nc6 3.Bb5 e5 4.O-O Bd6 5.d3 Nf6 6.Be3 a6 7.Bxc6 dxc6 8.Nbd2 
Qe7 9.h3 Be6 10.c3 h6 11.a4 a5 12.Qc2 Nd7 13.d4 cxd4 14.cxd4 O-O 15.Nxe5 
Nxe5 16.dxe5 Bxe5 17.f4 Bd6 18.f5 Bd7 19.Nc4 Bc5 20.f6 Bxe3+ 21.Nxe3 Qe5 
22.fxg7 Rfe8 23.Nf5 Bxf5 24.exf5 Qf6 25.Ra3 Kxg7 26.Rb3 Re7 27.Qd2 Kh7 28.
Rd3 Rg8 29.Rd6 Re2 30.Qxe2 Qxd6 31.Qc4 Qf6 32.b4 b5 33.axb5 cxb5 34.Qxb5 
Qd4+ 35.Kh1 Qe4 36.Rf2 axb4 37.Kg1 Qe1+ 38.Rf1 Qe3+ 39.Rf2 Qe1+ 40.Rf1 
Qe3+ 41.Kh1 Qe4 42.Rf2 Qe1+ 43.Rf1 Qe4 44.Rf2 Qe1+ 45.Rf1 Qe4 1/2-1/2

[Event "26th EUR-ch"]
[Site "Katowice POL"]
[Date "2026.04.10"]
[Round "4.99"]
[White "Szczurek, Krzysztof"]
[Black "Fus, Jakub"]
[Result "0-1"]
[WhiteElo "2273"]
[BlackElo "2410"]
[EventDate "2026.04.07"]
[PlyCount "54"]

1.e4 c5 2.Nf3 Nc6 3.b3 Nf6 4.e5 Nd5 5.Nc3 Nc7 6.Bc4 g6 7.Bb2 Bg7 8.Qe2 O-O
9.O-O-O d5 10.Bb5 Nd4 11.Nxd4 cxd4 12.Na4 Ne6 13.Bd3 Qc7 14.g3 a6 15.Ba1 
b5 16.Nb2 Bxe5 17.f4 Bf6 18.h4 Nc5 19.g4 Qxf4 20.Rdg1 Ne4 21.Qg2 Be6 22.
Nd1 Rac8 23.h5 g5 24.Rh3 Rc6 25.Rf3 Qc7 26.Rxf6 Rc8 27.c3 Nxf6 0-1

[Event "26th EUR-ch"]
[Site "Katowice POL"]
[Date "2026.04.10"]
[Round "4.100"]
[White "Injac, Teodora"]
[Black "Zuqanov, Ali"]
[Result "1-0"]
[WhiteElo "2410"]
[BlackElo "2015"]
[EventDate "2026.04.07"]
[PlyCount "57"]

1.c4 Nf6 2.g3 g6 3.Bg2 Bg7 4.Nc3 O-O 5.d3 d6 6.Rb1 a5 7.Nf3 e5 8.O-O Re8 
9.b3 Na6 10.h3 Nc5 11.e4 b6 12.a3 Bd7 13.Re1 Bc6 14.Qc2 Nfd7 15.Bg5 f6 16.
Be3 f5 17.exf5 e4 18.dxe4 Nxe4 19.Nd4 Nxc3 20.Nxc6 Qc8 21.Rbc1 gxf5 22.
Qxf5 Ne5 23.Qc2 Nxc6 24.Bxc6 Qxh3 25.Bxa8 Rxa8 26.Qd3 Re8 27.Bd4 Bxd4 28.
Rxe8+ Kf7 29.Qxd4 1-0

[Event "26th EUR-ch"]
[Site "Katowice POL"]
[Date "2026.04.10"]
[Round "4.101"]
[White "Karvatskyi, Oleksii"]
[Black "Valiyev, Shahin"]
[Result "0-1"]
[WhiteElo "2269"]
[BlackElo "2409"]
[EventDate "2026.04.07"]
[PlyCount "92"]

1.e4 c5 2.Nf3 d6 3.d4 cxd4 4.Nxd4 Nf6 5.Nc3 h6 6.Bd3 Nc6 7.Nxc6 bxc6 8.b3 
g6 9.Bb2 Bg7 10.Qd2 Nd7 11.O-O-O a5 12.a4 Rb8 13.f4 Nc5 14.Bc4 O-O 15.Rhf1
Ba6 16.Bxa6 Rxb3 17.e5 Qb6 18.Bb5 cxb5 19.axb5 dxe5 20.fxe5 Rxb2 21.Kxb2 
Bxe5 22.Kc1 Bxc3 23.Qxc3 Qxb5 24.Rf4 Na4 25.Qb3 Qg5 26.g3 Nc5 27.Qe3 e5 
28.Rf3 Qe7 29.Rd5 Nd7 30.h4 e4 31.Rf4 Nf6 32.Rxa5 Rb8 33.Qc5 Qb7 34.Qd4 e3
35.Ra1 Nh5 36.Rg4 Nf6 37.Rf4 Nh5 38.Rg4 Qb5 39.c4 Qf5 40.Re4 Nxg3 41.Rxe3 
Qf1+ 42.Kc2 Qg2+ 43.Kc1 Nf5 44.Qe5 Qf1+ 45.Re1 Qxc4+ 46.Kd2 Rd8+ 0-1

[Event "26th EUR-ch"]
[Site "Katowice POL"]
[Date "2026.04.10"]
[Round "4.102"]
[White "Vardanyan, Aras"]
[Black "Zakin, Lior"]
[Result "1-0"]
[WhiteElo "2408"]
[BlackElo "1986"]
[EventDate "2026.04.07"]
[PlyCount "85"]

1.d4 Nf6 2.c4 g6 3.Nc3 Bg7 4.e4 O-O 5.Nf3 d6 6.Bd3 e5 7.d5 a5 8.O-O Na6 9.
a3 Nc5 10.Bc2 Bd7 11.b3 Nh5 12.Be3 Nf4 13.Qd2 g5 14.Kh1 h6 15.Ng1 a4 16.
bxa4 Nxa4 17.Nb5 b6 18.Ne2 Ra5 19.Ng3 Nb2 20.Bb3 Nxc4 21.Bxc4 Bxb5 22.Bxb5
Rxb5 23.Rfc1 Qd7 24.Rc6 Ne6 25.Rac1 Nc5 26.Bxc5 bxc5 27.Nf5 Rfb8 28.h4 f6 
29.Qe2 Qf7 30.a4 Rb2 31.Rc2 R2b4 32.a5 Rb1+ 33.Kh2 Ra1 34.Ra2 Rc1 35.Rb2 
Qe8 36.Rxc7 Bf8 37.a6 Qd8 38.a7 Ra8 39.Rbb7 Qe8 40.Qb2 Re1 41.Rb8 Qa4 42.
Rxa8 Qxe4 43.Rg7+ 1-0

[Event "26th EUR-ch"]
[Site "Katowice POL"]
[Date "2026.04.10"]
[Round "4.103"]
[White "Mierins, Emils Janis"]
[Black "Kusa, Jakub"]
[Result "1/2-1/2"]
[WhiteElo "2223"]
[BlackElo "2406"]
[EventDate "2026.04.07"]
[PlyCount "80"]

1.e4 c6 2.d4 d5 3.Nc3 dxe4 4.Nxe4 Nf6 5.Nxf6+ exf6 6.c3 Bd6 7.Bd3 O-O 8.
Qc2 Re8+ 9.Ne2 h6 10.O-O Nd7 11.Bd2 Nf8 12.Rae1 Qc7 13.h3 c5 14.c4 cxd4 
15.Nxd4 Bd7 16.Nf5 Be5 17.Be3 Ne6 18.b4 a5 19.b5 Nc5 20.Be2 Bf4 21.Bf3 
Bxf5 22.Qxf5 Bxe3 23.Rxe3 Rxe3 24.fxe3 Re8 25.Qf4 Re5 26.Qd4 Ne6 27.Qa7 
Nc5 28.b6 Qe7 29.Qxa5 Rxe3 30.Qa8+ Kh7 31.Qc8 Re1 32.Rxe1 Qxe1+ 33.Kh2 
Qe5+ 34.Kg1 Qd4+ 35.Kh2 Qd6+ 36.Kh1 Qxb6 37.Bd5 Qd6 38.Bxf7 Qd1+ 39.Kh2 
Qd6+ 40.Kh1 Qd1+ 1/2-1/2

[Event "26th EUR-ch"]
[Site "Katowice POL"]
[Date "2026.04.10"]
[Round "4.104"]
[White "Korszanski, Stanislaw"]
[Black "Agdelen, Huseyin Can"]
[Result "0-1"]
[WhiteElo "2215"]
[BlackElo "2405"]
[EventDate "2026.04.07"]
[PlyCount "52"]

1.e4 c5 2.Nf3 d6 3.d4 cxd4 4.Nxd4 Nf6 5.Nc3 g6 6.Be3 Bg7 7.f3 O-O 8.Qd2 
Nc6 9.O-O-O d5 10.Nxc6 bxc6 11.Qe1 Qc7 12.h4 dxe4 13.Nxe4 Nxe4 14.fxe4 c5 
15.h5 Rb8 16.c3 Qa5 17.a3 Be6 18.Qd2 Rfd8 19.Bd3 c4 20.hxg6 Rxd3 21.gxh7+ 
Kh8 22.Qf2 Rxc3+ 23.Kb1 Rxe3 24.Qxe3 Rxb2+ 25.Kc1 Rb3 26.Qc5 Qc3# 0-1

[Event "26th EUR-ch"]
[Site "Katowice POL"]
[Date "2026.04.10"]
[Round "4.105"]
[White "Gbiorczyk, Mikolaj"]
[Black "Sibashvili, Giorgi"]
[Result "0-1"]
[WhiteElo "2116"]
[BlackElo "2405"]
[EventDate "2026.04.07"]
[PlyCount "120"]

1.e4 e5 2.Nf3 Nc6 3.Bb5 a6 4.Ba4 Nf6 5.O-O d6 6.Re1 Bd7 7.c4 Bg4 8.h3 Bh5 
9.d4 Nd7 10.g4 Bg6 11.d5 Na7 12.Nc3 c5 13.Bc2 b5 14.b3 Be7 15.a4 b4 16.Ne2
h5 17.Ng3 hxg4 18.hxg4 Nf6 19.Nh2 Nh7 20.Nf5 Bxf5 21.exf5 Kd7 22.Kg2 Bg5 
23.Nf3 Bxc1 24.Qxc1 f6 25.Rh1 Qe7 26.Be4 Ng5 27.Qe3 Nxf3 28.Kxf3 Raf8 29.
Ke2 Qd8 30.Rhg1 Nc8 31.g5 Ne7 32.Rh1 Rxh1 33.Rxh1 Rh8 34.Rh3 fxg5 35.Rxh8 
Qxh8 36.Qxg5 Ke8 37.Bf3 Qh6 38.Bh5+ Kf8 39.Qg4 Qf6 40.Bg6 Ng8 41.Kf1 Nh6 
42.Qh5 e4 43.Kg2 Ke7 44.Kf1 Kd8 45.Kg2 Kc7 46.Bh7 Nf7 47.Kf1 Ng5 48.Bg8 
Nf3 49.Kg2 Qxf5 50.Qxf5 Nh4+ 51.Kg3 Nxf5+ 52.Kf4 Nd4 53.Bh7 Nxb3 54.Bxe4 
Kd7 55.Ke3 Ke7 56.f4 Kf6 57.Kd3 a5 58.Kc2 Nd4+ 59.Kd3 Nf5 60.Kc2 Ng3 0-1

[Event "26th EUR-ch"]
[Site "Katowice POL"]
[Date "2026.04.10"]
[Round "4.106"]
[White "Costa, Leonardo"]
[Black "Rozhok, Oleksii"]
[Result "1-0"]
[WhiteElo "2556"]
[BlackElo "1979"]
[EventDate "2026.04.07"]
[PlyCount "103"]

1.d4 Nf6 2.c4 g6 3.Nc3 d5 4.cxd5 Nxd5 5.e4 Nxc3 6.bxc3 Bg7 7.Nf3 c5 8.h3 
O-O 9.Be2 Nc6 10.Be3 cxd4 11.cxd4 Qa5+ 12.Bd2 Qa3 13.d5 Ne5 14.O-O Nxf3+ 
15.Bxf3 b6 16.Rb1 Re8 17.e5 Bf5 18.d6 Rad8 19.Bc6 Bxb1 20.Qxb1 exd6 21.Bb4
Qa6 22.Bxe8 Rxe8 23.exd6 Qb5 24.Re1 Rd8 25.Qe4 Bf8 26.Qf4 Qa4 27.a3 Qd7 
28.Rd1 Rc8 29.Rd3 Bg7 30.Re3 Bf8 31.Qd4 Rc1+ 32.Kh2 a5 33.Re7 Qd8 34.Qf4 
Bxe7 35.dxe7 Qd7 36.Qxc1 axb4 37.Qe3 Qe8 38.axb4 f6 39.Qe6+ Kg7 40.b5 h5 
41.h4 Qb8+ 42.g3 Qe8 43.f4 f5 44.Kg1 Kh7 45.Qf6 Kg8 46.Qxb6 Kf7 47.Qd8 
Qxe7 48.Qxe7+ Kxe7 49.Kf2 Kd6 50.Ke3 Kc5 51.b6 Kxb6 52.Kd4 1-0

[Event "26th EUR-ch"]
[Site "Katowice POL"]
[Date "2026.04.10"]
[Round "4.107"]
[White "Petriashvili, Nikoloz"]
[Black "Dovgaliuk, Oleksandr"]
[Result "1-0"]
[WhiteElo "2518"]
[BlackElo "2309"]
[EventDate "2026.04.07"]
[PlyCount "65"]

1.Nf3 d5 2.g3 Nf6 3.Bg2 e6 4.O-O Bd6 5.c4 O-O 6.Qc2 Nc6 7.cxd5 exd5 8.b3 
Re8 9.e3 Nb4 10.Qd1 Bf5 11.Na3 Bd3 12.Re1 Ba6 13.Bf1 Nd3 14.Bxd3 Bxd3 15.
Bb2 Ne4 16.Nb1 Re6 17.Nc3 Rh6 18.Ne2 Ng5 19.Nxg5 Qxg5 20.Nf4 Bxf4 21.exf4 
Qf5 22.Qf3 Be4 23.Qc3 f6 24.f3 Qh5 25.fxe4 Qxh2+ 26.Kf1 Rh3 27.Re3 dxe4 
28.Qc4+ Kh8 29.Qxe4 h6 30.Qg2 Rd8 31.Bc3 b5 32.Qxh2 Rxh2 33.Kg1 1-0

[Event "26th EUR-ch"]
[Site "Katowice POL"]
[Date "2026.04.10"]
[Round "4.108"]
[White "Royal, Shreyas"]
[Black "Fruebing, Stefan"]
[Result "1-0"]
[WhiteElo "2515"]
[BlackElo "2304"]
[EventDate "2026.04.07"]
[PlyCount "97"]

1.d4 d5 2.c4 c6 3.Nf3 Nf6 4.e3 Bg4 5.Qb3 Qb6 6.Ne5 Bf5 7.cxd5 Qxb3 8.axb3 
Nxd5 9.Bd3 Bxd3 10.Nxd3 Na6 11.Bd2 e6 12.Ke2 Be7 13.Rc1 Ndc7 14.Na3 O-O-O 
15.Nc4 f6 16.b4 b6 17.b5 cxb5 18.Nce5 Kb7 19.Nf7 Rhf8 20.Nxd8+ Rxd8 21.Rc2
Rd7 22.g4 Nb8 23.g5 a5 24.gxf6 Bxf6 25.Rac1 b4 26.Be1 Nba6 27.f3 Nb5 28.
Rc4 Nac7 29.Bg3 Ne8 30.Ne5 Re7 31.Ng4 Ned6 32.Bxd6 Nxd6 33.Rc6 Nb5 34.Kd3 
Bh4 35.Rc8 h6 36.Rf8 Nd6 37.e4 Nb5 38.Rc4 Nd6 39.Rc1 Nb5 40.Ne5 Bf2 41.Rd8
b3 42.Rc4 Nc7 43.f4 b5 44.Rc1 a4 45.Rf1 a3 46.Rxf2 a2 47.Rf1 Na6 48.Kc3 
Rc7+ 49.Kxb3 1-0

[Event "26th EUR-ch"]
[Site "Katowice POL"]
[Date "2026.04.10"]
[Round "4.109"]
[White "Warchol, Kamil"]
[Black "Zanan, Evgeny"]
[Result "1/2-1/2"]
[WhiteElo "2322"]
[BlackElo "2497"]
[EventDate "2026.04.07"]
[PlyCount "59"]

1.e4 e5 2.Nf3 Nc6 3.d4 exd4 4.Bc4 Nf6 5.e5 d5 6.Bb5 Nd7 7.O-O Be7 8.Bxc6 
bxc6 9.Nxd4 Nb8 10.Nc3 O-O 11.Qf3 a5 12.Re1 Ra6 13.Nf5 Bxf5 14.Qxf5 Nd7 
15.Be3 g6 16.Qh3 Nc5 17.f4 Qd7 18.Qf3 Raa8 19.Rad1 f5 20.exf6 Rxf6 21.Bd4 
Rf7 22.Qe3 Nb7 23.Na4 Raf8 24.g3 Bd6 25.Nc5 Nxc5 26.Bxc5 Re7 27.Qc3 Rfe8 
28.Rxe7 Rxe7 29.Bxd6 cxd6 30.Re1 1/2-1/2

[Event "26th EUR-ch"]
[Site "Katowice POL"]
[Date "2026.04.10"]
[Round "4.110"]
[White "Lashkin, Jegor"]
[Black "Balaji, Aaravamudhan"]
[Result "1/2-1/2"]
[WhiteElo "2493"]
[BlackElo "2301"]
[EventDate "2026.04.07"]
[PlyCount "49"]

1.c4 e5 2.Nc3 Nc6 3.Nf3 Nf6 4.g3 g6 5.Bg2 Bg7 6.O-O O-O 7.d3 d6 8.Rb1 a5 
9.b3 h6 10.h3 Be6 11.e4 Qd7 12.Kh2 Nh7 13.Nd5 Qd8 14.Bd2 Nb4 15.Nxb4 axb4 
16.Ra1 c5 17.Qc1 Ra3 18.Bxh6 Qa5 19.Bxg7 Kxg7 20.Nd2 f6 21.f4 Bf7 22.h4 
Rxa2 23.Rb1 Ra8 24.Qd1 Qa3 25.Rf2 1/2-1/2

[Event "26th EUR-ch"]
[Site "Katowice POL"]
[Date "2026.04.10"]
[Round "4.111"]
[White "Ioannidis, Evgenios"]
[Black "Azoulay, Yehonatan"]
[Result "0-1"]
[WhiteElo "2487"]
[BlackElo "2298"]
[EventDate "2026.04.07"]
[PlyCount "56"]

1.d4 Nf6 2.c4 g6 3.Nc3 Bg7 4.e4 d6 5.Be2 O-O 6.Bg5 c5 7.d5 h6 8.Bf4 e6 9.
dxe6 Bxe6 10.Qd2 h5 11.Nf3 Nc6 12.Bxd6 Re8 13.Rd1 Bg4 14.Qf4 Nd4 15.Nxd4 
cxd4 16.Rxd4 Bxe2 17.Nxe2 Qa5+ 18.b4 Qxa2 19.f3 Ng4 20.Rd2 Qxc4 21.Qg3 Bc3
22.Nxc3 Qxc3 23.Qf4 Ne3 24.Ke2 Nc4 25.Rhd1 Nxd2 26.Rxd2 Rad8 27.Kf2 Re6 
28.Kg3 g5 0-1

[Event "26th EUR-ch"]
[Site "Katowice POL"]
[Date "2026.04.10"]
[Round "4.112"]
[White "Bronstein, Or"]
[Black "Durucay, Uygar"]
[Result "1-0"]
[WhiteElo "2481"]
[BlackElo "2286"]
[EventDate "2026.04.07"]
[PlyCount "89"]

1.e4 c6 2.d4 d5 3.e5 Bf5 4.Bd3 Bxd3 5.Qxd3 e6 6.Ne2 Ne7 7.c3 h5 8.O-O Qb6 
9.a4 a5 10.Na3 Na6 11.Qf3 Ng6 12.Nc2 c5 13.Na3 Be7 14.g3 h4 15.Be3 Qc6 16.
Nb5 Nc7 17.Nxc7+ Qxc7 18.Kg2 Rb8 19.Bc1 b5 20.axb5 Rxb5 21.Qd3 c4 22.Qc2 
Qb7 23.f4 Bf8 24.Ng1 hxg3 25.hxg3 Ne7 26.Nf3 Nf5 27.Qf2 Nh6 28.Qe2 Ng4 29.
Nh4 Rxh4 30.gxh4 Nh6 31.f5 Nxf5 32.Kh3 Qb6 33.Qg4 g6 34.h5 gxh5 35.Qg8 Rb3
36.Rf3 Rb5 37.b4 Qb7 38.bxa5 Rb1 39.Ba3 Rxa1 40.Qxf8+ Kd7 41.Qxf7+ Kc6 42.
Qxe6+ Kb5 43.Qb6+ Qxb6 44.axb6 Kc6 45.Bb4 1-0

[Event "26th EUR-ch"]
[Site "Katowice POL"]
[Date "2026.04.10"]
[Round "4.113"]
[White "Olsen, Filip Boe"]
[Black "Liskiewicz, Jakub"]
[Result "1/2-1/2"]
[WhiteElo "2474"]
[BlackElo "2280"]
[EventDate "2026.04.07"]
[PlyCount "161"]

1.c4 e6 2.g3 d5 3.Bg2 Nf6 4.Nf3 Bd6 5.d4 O-O 6.O-O Nc6 7.e3 dxc4 8.Nbd2 e5
9.dxe5 Nxe5 10.Nxe5 Bxe5 11.Nxc4 Qe7 12.Nxe5 Qxe5 13.e4 Be6 14.Qc2 c6 15.
h3 Rad8 16.Be3 Qb5 17.a4 Qb3 18.Qxb3 Bxb3 19.Bxa7 Ra8 20.Bc5 Rfe8 21.Ra3 
Bc2 22.f3 Ra5 23.Bd6 Rxa4 24.Rc3 Rd4 25.e5 Rd2 26.Rf2 Rd1+ 27.Kh2 Bf5 28.
Rb3 Bc8 29.Rf1 Rxf1 30.Bxf1 Nd5 31.f4 h5 32.Be2 g6 33.Ra3 Be6 34.Ra7 b5 
35.Bf3 Rc8 36.Ra6 Kg7 37.Be4 h4 38.gxh4 Nxf4 39.Rxc6 Rxc6 40.Bxc6 Nd3 41.
b4 Bc4 42.Kg3 Kh6 43.Bd7 Kg7 44.Kg4 Be6+ 45.Bxe6 fxe6 46.h5 Nf2+ 47.Kg3 
Nd3 48.hxg6 Kxg6 49.Kg4 Nf2+ 50.Kg3 Nd3 51.Kf3 Kh5 52.Ke4 Nb2 53.Kd4 Na4 
54.Be7 Kg6 55.Bh4 Kf5 56.Bg3 Kg5 57.Be1 Kf4 58.Bf2 Kf3 59.Be1 Kf4 60.Bh4 
Kf3 61.Bf2 Kf4 62.h4 Kg4 63.Ke4 Nc3+ 64.Kd4 Na4 65.Be1 Kh5 66.Kd3 Nb6 67.
Ke4 Kg4 68.Bf2 Nd5 69.Bc5 Nc3+ 70.Kd3 Na4 71.Be7 Nb6 72.Kd4 Na4 73.Bf6 Kh5
74.Bd8 Kg4 75.Be7 Kh5 76.Ke4 Kg4 77.Bd8 Nc3+ 78.Kd4 Na4 79.Ke4 Nc3+ 80.Kd4
Na4 81.Ke4 1/2-1/2

[Event "26th EUR-ch"]
[Site "Katowice POL"]
[Date "2026.04.10"]
[Round "4.114"]
[White "Haring, Filip"]
[Black "Schippke, Manon"]
[Result "1-0"]
[WhiteElo "2461"]
[BlackElo "2269"]
[EventDate "2026.04.07"]
[PlyCount "55"]

1.Nf3 Nf6 2.g3 c5 3.Bg2 g6 4.c4 Bg7 5.d4 cxd4 6.Nxd4 O-O 7.Nc3 Nc6 8.Nc2 
d6 9.O-O Nd7 10.Bd2 Rb8 11.b3 a6 12.Rc1 Nc5 13.Nd5 Bd7 14.h4 b5 15.cxb5 
axb5 16.h5 e6 17.Ndb4 Ne5 18.h6 Bf6 19.Ne3 g5 20.Bc3 Rb6 21.Bd4 Be7 22.Qd2
f5 23.Rfd1 f4 24.Bxe5 dxe5 25.Ng4 e4 26.Qd4 Rf7 27.Rxc5 Bxc5 28.Qxc5 1-0

[Event "26th EUR-ch"]
[Site "Katowice POL"]
[Date "2026.04.10"]
[Round "4.115"]
[White "Sapocinic, Semion"]
[Black "Ljepic, Andrej"]
[Result "1/2-1/2"]
[WhiteElo "2307"]
[BlackElo "2446"]
[EventDate "2026.04.07"]
[PlyCount "172"]

1.d4 Nf6 2.c4 e6 3.Nf3 b6 4.a3 Ba6 5.Qb3 Be7 6.Nc3 d5 7.cxd5 Nxd5 8.Nxd5 
exd5 9.Bf4 O-O 10.e3 Bxf1 11.Kxf1 c6 12.Rc1 Bd6 13.Bg3 Re8 14.Qc2 a5 15.
Ke2 Ra7 16.Rhd1 Re6 17.Qf5 g6 18.Qd3 a4 19.Rc2 f5 20.Kf1 Bxg3 21.hxg3 Nd7 
22.Rdc1 Qa8 23.Qd2 Rc7 24.Qb4 h6 25.Kg1 Qa6 26.Qc3 Qb5 27.Rb1 Ra7 28.Ne1 
Nf6 29.Rbc1 Ne4 30.Qb4 Ra5 31.Qxb5 Rxb5 32.Nd3 Rb3 33.Nb4 c5 34.dxc5 bxc5 
35.Nxd5 Rd6 36.Nf4 Kf7 37.Ne2 Rdb6 38.f3 Nd6 39.Nc3 Rxb2 40.Nxa4 Rxc2 41.
Rxc2 Rb1+ 42.Kf2 c4 43.Nb2 Ra1 44.Nxc4 Nxc4 45.Rxc4 Ra2+ 46.Kg1 Rxa3 47.e4
fxe4 48.Rxe4 h5 49.Kh2 Kf6 50.Rb4 Ra2 51.Rb6+ Kf5 52.Kh3 Ra4 53.Rb5+ Kf6 
54.f4 Rc4 55.Rb6+ Kg7 56.Kh2 Ra4 57.Re6 Rb4 58.Kg1 Rb2 59.Kf1 Ra2 60.Re2 
Ra3 61.Kf2 Kf6 62.Re3 Ra2+ 63.Kf3 Rb2 64.Ra3 Rc2 65.Ra6+ Kf5 66.Ra3 Kf6 
67.g4 hxg4+ 68.Kg3 Rb2 69.Ra6+ Kf5 70.Ra5+ Kf6 71.Rg5 Ra2 72.Rxg4 Ra3+ 73.
Kh4 Ra4 74.g3 Ra5 75.Kh3 g5 76.fxg5+ Rxg5 77.Rf4+ Kg6 78.g4 Ra5 79.Rf3 Rb5
80.Ra3 Rb6 81.Kh4 Rc6 82.Ra4 Rb6 83.Rf4 Ra6 84.g5 Rb6 85.Rf6+ Rxf6 86.gxf6
Kxf6 1/2-1/2

[Event "26th EUR-ch"]
[Site "Katowice POL"]
[Date "2026.04.10"]
[Round "4.116"]
[White "Kolosowski, Mateusz"]
[Black "Topencik, Bruno"]
[Result "1/2-1/2"]
[WhiteElo "2444"]
[BlackElo "2265"]
[EventDate "2026.04.07"]
[PlyCount "161"]

1.Nf3 d5 2.e3 Nf6 3.c4 e6 4.Nc3 Be7 5.b3 O-O 6.Bb2 c5 7.cxd5 exd5 8.d4 Nc6
9.Be2 Bg4 10.dxc5 Bxc5 11.O-O Re8 12.h3 Bh5 13.Nh4 Bxe2 14.Nxe2 Bd6 15.Nf5
Be5 16.Bxe5 Rxe5 17.Nfd4 Rc8 18.Rc1 Re7 19.Qd2 Rec7 20.Nb5 Rd7 21.Rfd1 a6 
22.Nbd4 Rdc7 23.Nxc6 Rxc6 24.Rxc6 Rxc6 25.Nc3 Qc7 26.Nxd5 Nxd5 27.Qxd5 Rc1
28.Rxc1 Qxc1+ 29.Kh2 Qc7+ 30.g3 g6 31.Kg2 h5 32.b4 Qe7 33.a3 Kh7 34.e4 b5 
35.e5 Kg7 36.h4 Qc7 37.Qd4 Qc6+ 38.Kh2 Kh7 39.Qd6 Qc2 40.Qf6 Qa2 41.Kg2 
Qd5+ 42.Qf3 Qc4 43.Qb7 Qe6 44.Qe4 Qb3 45.e6 fxe6 46.Qb7+ Kh6 47.Qa8 Kh7 
48.Qxa6 Qd5+ 49.Kh2 Qf5 50.Qa7+ Kh6 51.Qc5 e5 52.Qe3+ Kh7 53.Kg2 e4 54.Qb3
Qd7 55.Qc2 Qb7 56.Kg1 Qe7 57.Qc5 Qb7 58.Qd6 Kg7 59.Kf1 Kh7 60.Ke2 Qf7 61.
Ke1 Qc4 62.Qe7+ Kg8 63.Qc5 Qd3 64.Qe3 Qc4 65.f3 exf3 66.Qxf3 Qc1+ 67.Ke2 
Qb2+ 68.Kf1 Qb1+ 69.Kf2 Qb2+ 70.Qe2 Qf6+ 71.Kg2 Qc6+ 72.Kh2 Qd5 73.a4 bxa4
74.Qe8+ Kh7 75.Qxa4 Qd2+ 76.Kh3 Qe1 77.Qa7+ Kh6 78.Qa8 Kh7 79.Qb7+ Kh6 80.
Qa8 Kh7 81.Qa7+ 1/2-1/2

[Event "26th EUR-ch"]
[Site "Katowice POL"]
[Date "2026.04.10"]
[Round "4.117"]
[White "Ilko-Toth, Andras"]
[Black "Bakhmatskyi, Vladyslav"]
[Result "0-1"]
[WhiteElo "2283"]
[BlackElo "2442"]
[EventDate "2026.04.07"]
[PlyCount "108"]

1.d4 Nf6 2.Nf3 d5 3.g3 c5 4.Bg2 cxd4 5.O-O h6 6.b3 g6 7.Bb2 Bg7 8.Nxd4 O-O
9.c4 e5 10.Nf3 e4 11.Nd4 dxc4 12.bxc4 Nc6 13.Nxc6 bxc6 14.Nd2 Bf5 15.Nb3 
Qe7 16.Bd4 Rfd8 17.Qc1 Ng4 18.Bxg7 Kxg7 19.Qc3+ Ne5 20.Nd2 Qc5 21.Rac1 Qd4
22.Nb3 Qxc3 23.Rxc3 Rab8 24.h3 h5 25.Rfc1 Rb4 26.f4 exf3 27.exf3 Rd3 28.
Rxd3 Nxd3 29.Rc3 Ne5 30.c5 g5 31.a3 Ra4 32.Nd2 Rd4 33.Nb3 Ra4 34.Nd2 Rd4 
35.Nb3 Rd1+ 36.Kf2 Nd3+ 37.Ke2 Re1+ 38.Kd2 Rg1 39.Nd4 Rxg2+ 40.Ke3 Bh7 41.
Nxc6 Rxg3 42.Nd4 Ne5 43.c6 Nxc6 44.Rxc6 Rxh3 45.Rc5 Kh6 46.Kf2 Rh2+ 47.Kg3
Rd2 48.Rc6+ Bg6 49.Nf5+ Kh7 50.Ne7 Rd3 51.Nxg6 fxg6 52.Rc7+ Kh6 53.Rxa7 g4
54.Rf7 Rxa3 0-1